{"text_format":"3","workbook":"xlsx","n_sheets":1,"sheets":["t552"],"read":"whole","date_system":"1900"}

{"sheet":"t552","index":0,"n_rows":129,"n_cols":7,"rows_kept":129,"merged":[[0,0,0,6],[30,0,30,5],[40,0,40,5],[108,0,108,5]]}
["TABELA 552.1 - Estatísticas Agrícolas, Município de São Lourenço da Serra, Estado de São Paulo, 2007/08."]
["ITEM","UNIDADE","N.DE UPAs","MÍNIMO","MÉDIO","MÁXIMO","TOTAL"]
["Distância à sede do município","km",21,0.5,{"v":8.58,"d":"8.6"},{"v":26,"d":"26.0"},"-"]
["Área total","hectare",21,0.8,{"v":18.05,"d":"18.1"},77.4,{"v":379,"d":"379.0"}]
["Área com cultura perene","hectare","-","-","-","-",{"v":0,"d":"0.0"}]
["Área com cultura temporária","hectare",13,0.2,{"v":4.62,"d":"4.6"},14.5,60.1]
["Área com pastagem","hectare",9,0.3,{"v":2.92,"d":"2.9"},{"v":10,"d":"10.0"},26.3]
["Área com reflorestamento","hectare",1,{"v":1,"d":"1.0"},{"v":1,"d":"1.0"},{"v":1,"d":"1.0"},{"v":1,"d":"1.0"}]
["Área com vegetação natural","hectare",18,0.4,{"v":10.51,"d":"10.5"},{"v":48,"d":"48.0"},189.1]
["Área com vegetação de brejo e várzea","hectare","-","-","-","-",{"v":0,"d":"0.0"}]
["Área em descanso","hectare",8,1.4,{"v":9.04,"d":"9.0"},{"v":30,"d":"30.0"},72.3]
["Área complementar","hectare",21,0.1,{"v":1.44,"d":"1.4"},9.2,30.2]
["Área das UPAs com (0, 1] ha","hectare",1,0.8,0.8,0.8,0.8]
["Área das UPAs com (1, 2] ha","hectare","-","-","-","-","-"]
["Área das UPAs com (2, 5] ha","hectare",3,4.6,4.8,{"v":5,"d":"5.0"},14.4]
["Área das UPAs com (5, 10] ha","hectare",7,5.9,{"v":8.57,"d":"8.6"},{"v":10,"d":"10.0"},{"v":60,"d":"60.0"}]
["Área das UPAs com (10, 20] ha","hectare",4,10.9,{"v":14.35,"d":"14.4"},{"v":18,"d":"18.0"},57.4]
["Área das UPAs com (20, 50] ha","hectare",4,21.8,{"v":24.25,"d":"24.3"},{"v":27,"d":"27.0"},{"v":97,"d":"97.0"}]
["Área das UPAs com (50, 100] ha","hectare",2,{"v":72,"d":"72.0"},74.7,77.4,149.4]
["Área das UPAs com (100, 200] ha","hectare","-","-","-","-","-"]
["Área das UPAs com (200, 500] ha","hectare","-","-","-","-","-"]
["Área das UPAs com (500, 1.000] ha","hectare","-","-","-","-","-"]
["Área das UPAs com (1.000, 2.000] ha","hectare","-","-","-","-","-"]
["Área das UPAs com (2.000, 5.000] ha","hectare","-","-","-","-","-"]
["Área das UPAs com (5.000, 10.000] ha","hectare","-","-","-","-","-"]
["Área das UPAs acima de 10.000 ha","hectare","-","-","-","-","-"]
["Familiares do proprietário que trabalham na UPA","unidade",20,{"v":1,"d":"1.0"},{"v":2.25,"d":"2.3"},{"v":4,"d":"4.0"},{"v":45,"d":"45.0"}]
["Trabalhadores permanentes","unidade",13,{"v":1,"d":"1.0"},{"v":4.08,"d":"4.1"},{"v":10,"d":"10.0"},{"v":53,"d":"53.0"}]
["Fonte: Secretaria de Agricultura e Abastecimento, CDRS/IEA, Projeto LUPA."]
[]
["TABELA 552.2 - Explorações Animais, Município de São Lourenço da Serra, Estado de São Paulo, 2007/08."]
["ITEM","UNIDADE","N.DE UPAs","MÍNIMO","MÉDIO","MÁXIMO","TOTAL"]
["Asininos E Muares","cabeças",1,{"v":1,"d":"1.0"},{"v":1,"d":"1.0"},{"v":1,"d":"1.0"},{"v":1,"d":"1.0"}]
["Avicultura de Corte","cabeças/ano",1,{"v":40,"d":"40.0"},{"v":40,"d":"40.0"},{"v":40,"d":"40.0"},{"v":40,"d":"40.0"}]
["Avicultura para Ovos","cabeças",1,{"v":20000,"d":"20,000.0"},{"v":20000,"d":"20,000.0"},{"v":20000,"d":"20,000.0"},{"v":20000,"d":"20,000.0"}]
["Bovinocultura Mista","cabeças",1,{"v":6,"d":"6.0"},{"v":6,"d":"6.0"},{"v":6,"d":"6.0"},{"v":6,"d":"6.0"}]
["Codornicultura","cabeças",1,{"v":14000,"d":"14,000.0"},{"v":14000,"d":"14,000.0"},{"v":14000,"d":"14,000.0"},{"v":14000,"d":"14,000.0"}]
["Suinocultura","cabeças",1,{"v":18,"d":"18.0"},{"v":18,"d":"18.0"},{"v":18,"d":"18.0"},{"v":18,"d":"18.0"}]
["Fonte: Secretaria de Agricultura e Abastecimento, CDRS/IEA, Projeto LUPA."]
[]
["TABELA 552.3 -  Máquinas, Implementos e Benfeitorias, Município de São Lourenço da Serra, Estado de São Paulo, 2007/08."]
["ITEM","UNIDADE","N.DE UPAs","MÍNIMO","MÉDIO","MÁXIMO","TOTAL"]
["Arado Escarificador","Unidade",4,{"v":1,"d":"1.0"},{"v":1,"d":"1.0"},{"v":1,"d":"1.0"},{"v":4,"d":"4.0"}]
["Arado Subsolador","Unidade",1,{"v":1,"d":"1.0"},{"v":1,"d":"1.0"},{"v":1,"d":"1.0"},{"v":1,"d":"1.0"}]
["Conj.Irrigação Convencional","Unidade",13,{"v":1,"d":"1.0"},{"v":1.31,"d":"1.3"},{"v":3,"d":"3.0"},{"v":17,"d":"17.0"}]
["Microtrator","Unidade",7,{"v":1,"d":"1.0"},{"v":1,"d":"1.0"},{"v":1,"d":"1.0"},{"v":7,"d":"7.0"}]
["Pulverizador Tratorizado","Unidade",10,{"v":1,"d":"1.0"},1.2,{"v":2,"d":"2.0"},{"v":12,"d":"12.0"}]
["Trator de Pneus","Unidade",17,{"v":1,"d":"1.0"},{"v":1.47,"d":"1.5"},{"v":3,"d":"3.0"},{"v":25,"d":"25.0"}]
["Açude/Represa","Unidade",13,{"v":1,"d":"1.0"},{"v":1.77,"d":"1.8"},{"v":9,"d":"9.0"},{"v":23,"d":"23.0"}]
["Almoxarifado/Oficina","Unidade",2,{"v":1,"d":"1.0"},{"v":1,"d":"1.0"},{"v":1,"d":"1.0"},{"v":2,"d":"2.0"}]
["Barracão para Granja/Avicultura","Unidade",2,{"v":1,"d":"1.0"},6.5,{"v":12,"d":"12.0"},{"v":13,"d":"13.0"}]
["Barracão/Galpão/Garagem","Unidade",16,{"v":1,"d":"1.0"},{"v":1.13,"d":"1.1"},{"v":2,"d":"2.0"},{"v":18,"d":"18.0"}]
["Casa de Moradia Habitada","Unidade",21,{"v":1,"d":"1.0"},{"v":1.57,"d":"1.6"},{"v":5,"d":"5.0"},{"v":33,"d":"33.0"}]
["Casa de Moradia Total","Unidade",21,{"v":1,"d":"1.0"},{"v":1.62,"d":"1.6"},{"v":5,"d":"5.0"},{"v":34,"d":"34.0"}]
["Curral/Mangueira","Unidade",1,{"v":1,"d":"1.0"},{"v":1,"d":"1.0"},{"v":1,"d":"1.0"},{"v":1,"d":"1.0"}]
["Depósito/Tulha","Unidade",2,{"v":1,"d":"1.0"},{"v":1,"d":"1.0"},{"v":1,"d":"1.0"},{"v":2,"d":"2.0"}]
["Estufa/Plasticultura","m²",8,{"v":200,"d":"200.0"},{"v":4837.5,"d":"4,837.5"},{"v":10000,"d":"10,000.0"},{"v":38700,"d":"38,700.0"}]
["Fonte: Secretaria de Agricultura e Abastecimento, CDRS/IEA, Projeto LUPA."]
[]
["TABELA 552.4 - Outras Estatísticas Agrícolas, Município de São Lourenço da Serra, Estado de São Paulo, 2007/08."]
["ITEM","Número de UPAs",null,"Percentual"]
["Faz Parte de Associação de Produtores",4,null,{"v":19.047619047619047,"d":"19.0"}]
["Faz Parte de Cooperativa de Produtores","-",null,"-"]
["Faz Parte do Sindicato de Produtores",8,null,{"v":38.095238095238095,"d":"38.1"}]
["Não utiliza assistência técnica ",10,null,{"v":47.61904761904762,"d":"47.6"}]
["Utiliza somente assistência técnica governamental ",7,null,{"v":33.333333333333336,"d":"33.3"}]
["Utiliza somente assistência técnica privada ",1,null,{"v":4.761904761904762,"d":"4.8"}]
["Utiliza assistência técnica tanto governamental quanto privada",3,null,{"v":14.285714285714285,"d":"14.3"}]
["Utiliza Crédito Rural",5,null,{"v":23.80952380952381,"d":"23.8"}]
["Utiliza Seguro Rural","-",null,"-"]
["Utiliza Escrituração Agrícola",3,null,{"v":14.285714285714285,"d":"14.3"}]
["Acessa Internet p/ Fins na Agropecuária","-",null,"-"]
["Utiliza Computador nas Atividades Agropecuárias","-",null,"-"]
["Utiliza Energia Elétrica Para Uso na Atividade Agrícola",18,null,{"v":85.71428571428571,"d":"85.7"}]
["Realiza Análise de Solo, quando necessário","-",null,"-"]
["Utiliza Práticas de Conservação de Solo, quando necessário",5,null,{"v":23.80952380952381,"d":"23.8"}]
["Faz Adubação Mineral, quando necessário",8,null,{"v":38.095238095238095,"d":"38.1"}]
["Faz Adubação Orgânica, quando necessário",7,null,{"v":33.333333333333336,"d":"33.3"}]
["Faz Adubação Verde, quando necessário",2,null,{"v":9.523809523809524,"d":"9.5"}]
["Utiliza Manejo Integrado de Pragas (MIP)","-",null,"-"]
["Utiliza Hidroponia","-",null,"-"]
["Utiliza Plasticultura",11,null,{"v":52.38095238095238,"d":"52.4"}]
["Utiliza Mudas Fiscalizadas","-",null,"-"]
["Utiliza Semente Melhorada",9,null,{"v":42.85714285714286,"d":"42.9"}]
["Faz Confinamento de Bovinos","-",null,"-"]
["Utiliza Pastejo Intensivo",1,null,{"v":4.761904761904762,"d":"4.8"}]
["Faz Inseminação Artificial","-",null,"-"]
["Faz Mineralização do Rebanho",1,null,{"v":4.761904761904762,"d":"4.8"}]
["Faz Vermifugação do Rebanho",1,null,{"v":4.761904761904762,"d":"4.8"}]
["Possui Parceiros /Arrendatários na Exploração Animal","-",null,"-"]
["Esporte e lazer","-",null,"-"]
["Extração mineral","-",null,"-"]
["Hotel Fazenda, Pousada ou SPA","-",null,"-"]
["Pesque-pague","-",null,"-"]
["Restaurante ou Lanchonete","-",null,"-"]
["Transformação artesanal","-",null,"-"]
["Turismo rural ou ecoturismo","-",null,"-"]
["Outras atividades econômicas rurais","-",null,"-"]
["Agroindústria","-",null,"-"]
["Proprietário sem instrução ou com instrução incompleta","-",null,"-"]
["Proprietário com antigo primário completo",10,null,{"v":47.61904761904762,"d":"47.6"}]
["Proprietário com 1° grau (ou antigo ginasial) completo",6,null,{"v":28.57142857142857,"d":"28.6"}]
["Proprietário com 2° grau (ou antigo colegial) completo",4,null,{"v":19.047619047619047,"d":"19.0"}]
["Proprietário com curso superior completo ",1,null,{"v":4.761904761904762,"d":"4.8"}]
["Pessoa Jurídica","-",null,"-"]
["Proprietário residente na própria UPA ",18,null,{"v":85.71428571428571,"d":"85.7"}]
["Fonte: Secretaria de Agricultura e Abastecimento, CDRS/IEA, Projeto LUPA."]
[]
["TABELA 552.5 - Área Cultivada, Município de São Lourenço da Serra, Estado de São Paulo, 2007/08."]
["CULTURA","N.DE UPAs","MÍNIMO","MÉDIO","MÁXIMO","TOTAL"]
["Braquiaria",5,{"v":1,"d":"1.0"},{"v":4.36,"d":"4.4"},{"v":10,"d":"10.0"},21.8]
["Couve (ou couve-crespa)",5,{"v":1,"d":"1.0"},3.2,6.5,{"v":16,"d":"16.0"}]
["Floricultura para vaso",4,1.5,{"v":3.13,"d":"3.1"},{"v":5,"d":"5.0"},12.5]
["Viveiro de flores e ornamentais",1,{"v":7,"d":"7.0"},{"v":7,"d":"7.0"},{"v":7,"d":"7.0"},{"v":7,"d":"7.0"}]
["Berinjela",2,{"v":1,"d":"1.0"},2.5,{"v":4,"d":"4.0"},{"v":5,"d":"5.0"}]
["Outras gramineas para pastagem",5,0.3,0.9,1.5,4.5]
["Abobora (ou jerimum)",3,0.5,{"v":1.17,"d":"1.2"},{"v":2,"d":"2.0"},3.5]
["Milho",1,3.5,3.5,3.5,3.5]
["Pupunha",1,2.5,2.5,2.5,2.5]
["Outras culturas temporárias",1,2.4,2.4,2.4,2.4]
["Gengibre",2,0.5,{"v":1,"d":"1.0"},1.5,{"v":2,"d":"2.0"}]
["Alface",1,{"v":2,"d":"2.0"},{"v":2,"d":"2.0"},{"v":2,"d":"2.0"},{"v":2,"d":"2.0"}]
["Pepino",1,{"v":1,"d":"1.0"},{"v":1,"d":"1.0"},{"v":1,"d":"1.0"},{"v":1,"d":"1.0"}]
["Acelga",1,{"v":1,"d":"1.0"},{"v":1,"d":"1.0"},{"v":1,"d":"1.0"},{"v":1,"d":"1.0"}]
["Outras olericolas",1,{"v":1,"d":"1.0"},{"v":1,"d":"1.0"},{"v":1,"d":"1.0"},{"v":1,"d":"1.0"}]
["Eucalipto",1,{"v":1,"d":"1.0"},{"v":1,"d":"1.0"},{"v":1,"d":"1.0"},{"v":1,"d":"1.0"}]
["Repolho",1,0.5,0.5,0.5,0.5]
["Cogumelo",1,0.2,0.2,0.2,0.2]
["Fonte: Secretaria de Agricultura e Abastecimento, CDRS/IEA, Projeto LUPA."]